000
00282nam a2200121Ia 4500
008
190216s9999||||xx |||||||||||||| ||und||
100
_a
Yekatha Naayi
245
0
_a
Hindi-Shareerik Siksha Ke Sidha
260
_b
Sorba Publications
300
_a
160
650
_a
Hindi
942
_c
BK
999
_c
16344
_d
16344